Normal view
MARC view
- الخالدي،صلاح عبد الفتاح
Entry Personal Name
001 - CONTROL NUMBER
- control field: 21048
003 - CONTROL NUMBER IDENTIFIER
- control field: JO-AjAnu
005 - DATE AND TIME OF LATEST TRANSACTION
- control field: 20230606073643.0
008 - FIXED-LENGTH DATA ELEMENTS
- fixed length control field: 230606|| aca||aabn | a|a d
040 ## - CATALOGING SOURCE
- Original cataloging agency: JO-AjAnu
- Transcribing agency: JO-AjAnu
100 ## - HEADING--PERSONAL NAME
- Personal name: الخالدي،صلاح عبد الفتاح
670 ## - SOURCE DATA FOUND
- Source citation: Work cat.: (JO-AjAnu)10815: الخالدي،صلاح عبد الفتاح , author, عتاب الرسول صلى الله عليه وسلم في القرآن تحليل وتوجيه